000 00823nam a22002531 4500
001 23005
003 BD-RjUL
005 20211209000900.0
008 140310s1947 ii ab 001 0 eng
035 _a(BD-RjUL)23070
035 _a(OCoLC)411760
040 _aDLC
_cODaWU
_dOCoLC
_dOrPS
_dDLC
_dBD-RjUL
_beng
041 _aeng
082 0 0 _a915.1
_bMED 1947
100 1 _aMenon, K. P. S.,
_d1898-
_970965
245 1 0 _aDelhi-Chungking :
_ba travel diary /
_cBy K. P. S. Menon ; Foreword by Jawaharlal Nehru.
260 _aBombay ;
_aNew York :
_bIndian Branch, Oxford University Press,
_c1947.
300 _aviii, 257 p. :
_billus., 2 fold. maps (in pocket) ;
_c23 cm.
504 _aIncludes index.
651 0 _aChina
_xDescription and travel.
_953592
942 _2ddc
_cBK
999 _c23005
_d23005